Entry Personal Name
Number of records used in: 2
001 - CONTROL NUMBER
003 - CONTROL NUMBER IDENTIFIER
005 - DATE AND TIME OF LATEST TRANSACTION
- control field:
20191223140009.0
008 - FIXED-LENGTH DATA ELEMENTS
- fixed length control field:
800528n| azannaabn b aaa
010 ## - LIBRARY OF CONGRESS CONTROL NUMBER
- LC control number:
n 79091334
035 ## - SYSTEM CONTROL NUMBER
- System control number:
(OCoLC)oca00323659
040 ## - CATALOGING SOURCE
- Original cataloging agency:
DLC
- Language of cataloging:
eng
- Description conventions:
rda
- Transcribing agency:
DLC
- Modifying agency:
DLC-R
- Modifying agency:
OCoLC
- Modifying agency:
DLC
- Modifying agency:
StEdNL
046 ## - SPECIAL CODED DATES
- Birth date:
1934-03-28
- Source of date scheme:
edtf
100 1# - HEADING--PERSONAL NAME
- Personal name:
Brown, Lester R.
- Fuller form of name:
(Lester Russell),
- Dates associated with a name:
1934-
370 ## - ASSOCIATED PLACE
- Place of birth:
Bridgeton (N.J.)
- Associated country:
United States
- Source of term:
naf
373 ## - ASSOCIATED GROUP
- Associated group:
Worldwatch Institute
- Source of term:
naf
377 ## - ASSOCIATED LANGUAGE
378 ## - FULLER FORM OF PERSONAL NAME
- Fuller form of personal name:
Lester Russell
400 1# - SEE FROM TRACING--PERSONAL NAME
- Control subfield:
nne
- Personal name:
Brown, Lester Russell,
- Dates associated with a name:
1934-
400 1# - SEE FROM TRACING--PERSONAL NAME
- Personal name:
Brāwin, Līstar R.
400 1# - SEE FROM TRACING--PERSONAL NAME
- Personal name:
Brown, Lester,
- Dates associated with a name:
1934-
400 0# - SEE FROM TRACING--PERSONAL NAME
- Personal name:
Lai-ssu-tʻe R. Pu-lang,
- Dates associated with a name:
1934-
400 1# - SEE FROM TRACING--PERSONAL NAME
- Personal name:
Pu-lang, Lai-ssu-tʻe R.,
- Dates associated with a name:
1934-
400 1# - SEE FROM TRACING--PERSONAL NAME
- Personal name:
בראון, לסטר ר.,
- Dates associated with a name:
4391־
400 1# - SEE FROM TRACING--PERSONAL NAME
- Personal name:
براون، لستر ر.
400 1# - SEE FROM TRACING--PERSONAL NAME
- Personal name:
براون، ليستر راسيل
670 ## - SOURCE DATA FOUND
- Source citation:
His The Japanese agricultural economy, 1961.
670 ## - SOURCE DATA FOUND
- Source citation:
His Building a sustainable society, c1981:
- Information found:
t.p. (Lester R. Brown) added info. fr. pub. (Lester Brown; Worldwatch Institute, Washington, D.C.)
670 ## - SOURCE DATA FOUND
- Source citation:
Ching chi, she hui, kʻo chi, 1987:
- Information found:
t.p. (Lai-ssu-tʻe R. Pu-lang) t.p. verso (Lester R. Brown)
670 ## - SOURCE DATA FOUND
- Source citation:
Iqtiṣād al-bīʼah, 2003:
- Information found:
t.p. (Līstar R. Brāwin) t.p. verso (Lester R. Brown)
670 ## - SOURCE DATA FOUND
- Source citation:
Famous scientists WWW site, 4 Nov., 2019
- Information found:
(Lester R. Brown; Lester Russell Brown is one of the leading experts on environmental science and is the founder and former president the famous Worldwatch Institute; born on March 28, 1934 and was raised on a farm in Bridgeton in New Jersey; Brown earned his degree in agricultural science in 1955 at Rutgers University; founded the Worldwatch Institute in 1974)
- Uniform Resource Identifier:
https://www.famousscientists.org/lester-r-brown/